|
|
|
|
| LEADER |
00000ny a22000003n 4500 |
| 005 |
20110525124051.0 |
| 008 |
080516s2003 sp s 000 0 spa c |
| 020 |
|
|
|a 8480045752
|
| 035 |
|
|
|a 255
|
| 040 |
|
|
|a UMA.RE
|d vLex
|
| 080 |
|
|
|a 347.725./726:347.955(460)
|
| 080 |
|
|
|a 347.955:347.725./726(460)
|
| 090 |
|
|
|c 275
|d 275
|
| 100 |
1 |
|
|a Calaza Lp̤ez, Mara̕ Sonia
|
| 245 |
1 |
3 |
|a El proceso de impugnacin̤ de acuerdos de las sociedades ann̤imas y cooperativas
|h [Recurso electrn̤ico]
|c Mara̕ Sonia Calaza Lp̤ez
|
| 256 |
|
|
|a Servicio en ln̕ea
|
| 260 |
|
|
|a Madrid :
|b Editorial Universitaria Ramn̤ Areces,
|c 2003
|
| 506 |
1 |
|
|a Contenido solo disponible en los productos indicados
|d vLex Global
|d vLex Global (Academic Edition, excluding Law Schools)
|d vLex Global (U.S. Academic Edition, Law Schools)
|d vLex Global (U.S. Academic Edition, excluding Law Schools)
|d vLex Global (Academic Edition, Law Schools)
|
| 650 |
|
|
|a Sociedad ann̤ima
|2 Tesauro vLex
|
| 650 |
|
|
|a Societario
|2 Tesauro vLex
|
| 650 |
|
|
|a Civil
|2 Tesauro vLex
|
| 650 |
|
|
|a Derecho de sociedades
|2 Tesauro vLex
|
| 650 |
|
|
|a Cooperativas
|2 Tesauro vLex
|
| 650 |
|
|
|a Sociedades cooperativas
|2 Tesauro vLex
|
| 650 |
|
|
|a Sociedades ann̤imas
|2 Tesauro vLex
|
| 650 |
|
|
|a Impugnacin̤ de acuerdos
|2 Tesauro vLex
|
| 740 |
0 |
|
|a vLex Libros (Servicios en ln̕ea)
|
| 856 |
4 |
0 |
|u http://vlex.com/source/255
|z Acceso restringido
|
| 942 |
|
|
|c BOOK
|
| 999 |
0 |
|
|a Civil Law
|b Madrid
|